[Event "BCF-ch PM U2050 op"]
[Site "Hull"]
[Date "2024.08.01"]
[Round "4"]
[White "Westcott, Dale"]
[Black "Binu, Nathan"]
[Result "1-0"]
[WhiteElo "1769"]
[BlackElo "1597"]
[PlyCount "127"]
[EventDate "2024.07.29"]
[EventType "swiss"]
[EventRounds "6"]
[EventCountry "ENG"]
[SourceTitle "CBM 221 Extra"]
[Source "ChessBase"]
[SourceDate "2024.09.30"]
[SourceVersion "1"]
[SourceVersionDate "2024.09.30"]
[SourceQuality "1"]

1. Nf3 Nf6 2. g3 g6 3. b3 Bg7 4. Bb2 0-0 5. Bg2 d5 6. c4 c5 7. cxd5 Nxd5 8. Bxg7 Kxg7 9. 0-0 Nc6 10. d4 cxd4 11. Nxd4 Nxd4 12. Qxd4+ Nf6 13. Qe5 Re8 14. Nc3 Qd6 15. Qxd6 exd6 16. Rfd1 Rd8 17. Nb5 Ne8 18. Rac1 a6 19. Nc7 Rb8 20. h3 b6 21. e3 Nxc7 22. Rxc7 Be6 23. Bd5 Bxd5 24. Rxd5 Kf6 25. Rd4 g5 26. f4 h6 27. Kf2 a5 28. Kf3 d5 29. Rc6+ Kg7 30. fxg5 hxg5 31. Rg4 f6 32. h4 Rf8 33. hxg5 fxg5+ 34. Ke2 Rf5 35. Rd6 Re5 36. Kd2 Rf5 37. Kd3 Re5 38. Kd4 Rbe8 39. Rxd5 Rxe3 40. Rgxg5+ Kh6 41. Rde5 R8xe5 42. Rxe5 Rxg3 43. Re6+ Kg7 44. Rxb6 Rg2 45. a4 Rg3 46. Kc5 Rg5+ 47. Kc6 Kf8 48. Rb5 Rg6+ 49. Kb7 Rg3 50. Ka6 Ke7 51. Kxa5 Kd7 52. b4 Kc7 53. Rc5+ Kb7 54. b5 Rg4 55. Rh5 Rg7 56. b6 Rg4 57. Kb5 Rg1 58. Rh7+ Kb8 59. Ka6 Rg8 60. a5 Rf8 61. Rh5 Rg8 62. Kb5 Rg1 63. Rh8+ Kb7 64. a6# 1-0

[Event "Hammersmith CC op U1500"]
[Site "London"]
[Date "2022.06.04"]
[Round "2"]
[White "Glass, Andrew"]
[Black "Binu, Nathan"]
[Result "1/2-1/2"]
[WhiteElo "1224"]
[BlackElo "1268"]
[PlyCount "134"]
[EventDate "2022.06.04"]
[EventType "swiss"]
[EventRounds "5"]
[EventCountry "ENG"]
[SourceTitle "CBM 208 Extra"]
[Source "ChessBase"]
[SourceDate "2022.07.31"]
[SourceVersion "1"]
[SourceVersionDate "2022.07.31"]
[SourceQuality "1"]

1. c4 e5 2. Nc3 Nc6 3. g3 Nf6 4. Nf3 Be7 5. Bg2 0-0 6. 0-0 d6 7. h3 Be6 8. b3 Qd7 9. Kh2 a6 10. Ng5 h6 11. Nxe6 fxe6 12. d3 d5 13. cxd5 exd5 14. Qc2 d4 15. Na4 Nh7 16. Nc5 Bxc5 17. Qxc5 Rad8 18. Ba3 Rf6 19. b4 Qd6 20. Qxd6 cxd6 21. Rac1 d5 22. b5 axb5 23. Rc5 b4 24. Bb2 Rfd6 25. Rb5 R6d7 26. Rb1 Nf6 27. Bc1 e4 28. Bd2 Kf7 29. Bxb4 Re8 30. Bd2 exd3 31. e3 dxe3 32. Bxe3 d4 33. Rxb7 dxe3 34. Rxd7+ Nxd7 35. fxe3 Nd8 36. Bd5+ Ke7 37. Rd1 Ne5 38. Kg2 Ne6 39. Kf2 Rc8 40. Rd2 Rc2 41. Ke1 Kd6 42. Be4 Ng5 43. Rxc2 dxc2 44. Bxc2 Nxh3 45. Ke2 Ng5 46. e4 Nd7 47. Ke3 Nc5 48. Kf4 Nd7 49. Kf5 Nc5 50. a4 Kc6 51. e5 Kd5 52. a5 Kc6 53. Kg6 Nge6 54. Kf7 Kb5 55. Bf5 Kxa5 56. Bxe6 Nd3 57. Kxg7 Nxe5 58. Kxh6 Kb4 59. Kg5 Kc3 60. Kf5 Kd4 61. Kf4 Ng6+ 62. Kg5 Ne5 63. Bf5 Ke3 64. Kh4 Kf3 65. Kh3 Kf2 66. Be4 Ke3 67. Ba8 Kf2 1/2-1/2